La pobreza urbana y la violencia en jamaica / (Registro nro. 5979)
[ vista simple ]
| 000 -LEADER | |
|---|---|
| fixed length control field | 00924nam a2200241Ia 4500 |
| 003 - CONTROL NUMBER IDENTIFIER | |
| control field | OSt |
| 005 - DATE AND TIME OF LATEST TRANSACTION | |
| control field | 20200806163024.0 |
| 008 - FIXED-LENGTH DATA ELEMENTS--GENERAL INFORMATION | |
| fixed length control field | 191128s1997 wauad gr 000 0dspa d |
| 020 ## - INTERNATIONAL STANDARD BOOK NUMBER | |
| International Standard Book Number | 821339672 |
| 040 ## - CATALOGING SOURCE | |
| Original cataloging agency | CO-JMCR |
| Transcribing agency | CO-JMCR |
| 041 0# - LANGUAGE CODE | |
| Language code of text/sound track or separate title | spa |
| 082 04 - DEWEY DECIMAL CLASSIFICATION NUMBER | |
| Classification number | 364.256 / |
| Item number | M672p |
| Edition number | 23 |
| 100 1# - MAIN ENTRY--PERSONAL NAME | |
| Personal name | Moser Caroline, Jeremy Holland, |
| Relator term | autor |
| 9 (RLIN) | 8496 |
| 245 13 - TITLE STATEMENT | |
| Title | La pobreza urbana y la violencia en jamaica / |
| Statement of responsibility, etc. | Jeremy Holland Moser Caroline |
| 260 ## - PUBLICATION, DISTRIBUTION, ETC. | |
| Place of publication, distribution, etc. | Washington, D.C : |
| Name of publisher, distributor, etc. | Banco Mundial, |
| Date of publication, distribution, etc. | 1997. |
| 300 ## - PHYSICAL DESCRIPTION | |
| Extent | vii, 53 páginas : |
| Other physical details | ilustraciones, gráficos, diagramas a blanco y negro ; |
| Dimensions | 28 cm. |
| 490 ## - SERIES STATEMENT | |
| Series statement | Puntos de vista |
| 500 ## - GENERAL NOTE | |
| General note | Bibliografía: páginas 53-54. |
| 505 0# - FORMATTED CONTENTS NOTE | |
| Formatted contents note | Principales conclusiones -- Análisis: la relación entre los activos y la violencia -- Percepción de las soluciones en cinco comunidades |
| 650 24 - SUBJECT ADDED ENTRY--TOPICAL TERM | |
| Topical term or geographic name entry element | Violencia |
| Geographic subdivision | Jamaica |
| 9 (RLIN) | 8497 |
| 650 24 - SUBJECT ADDED ENTRY--TOPICAL TERM | |
| Topical term or geographic name entry element | Pobreza |
| Geographic subdivision | Jamaica |
| 9 (RLIN) | 8498 |
| 942 ## - ADDED ENTRY ELEMENTS (KOHA) | |
| Source of classification or shelving scheme | Dewey Decimal Classification |
| Koha item type | Books |
| Withdrawn status | Lost status | Source of classification or shelving scheme | Materials specified (bound volume or other part) | Damaged status | Not for loan | Home library | Current library | Shelving location | Date acquired | Source of acquisition | Full call number | Barcode | Date last seen | Copy number | Price effective from | Koha item type |
|---|---|---|---|---|---|---|---|---|---|---|---|---|---|---|---|---|
| Dewey Decimal Classification | Donación--15/04/2018-- | Biblioteca Pública José María del Castillo y Rada | Biblioteca Pública José María del Castillo y Rada | General Stacks | 11/28/2019 | Donación | 364.256 / M672p | 430011320 | 05/16/2024 | Ej.1 | 11/28/2019 | Books |